Gobernadores de las provincias argentinas - Estadísticas

Estadísticas generales
  • Esta prueba ha sido intentada 76 veces
  • La puntuación promedio es 12 de 24
Estadísticas de respuestas
Hint Respuesta % Correcto
Buenos Aires Axel Kicillof
95%
CABA Jorge Macri
89%
Formosa Gildo Insfrán
76%
Santa Fe Maximiliano Pullaro
73%
Entre Ríos Rogelio Frigerio
68%
Córdoba Martín Llaryora
62%
Chubut Ignacio Torres
59%
La Rioja Ricardo Quintela
57%
Santiago del Estero Gerardo Zamora
54%
Chaco Leandro Zdero
54%
Mendoza Alfredo Cornejo
51%
Salta Gustavo Sáenz
46%
Catamarca Raúl Jalil
46%
Tucumán Osvaldo Jaldo
43%
Corrientes Gustavo Valdés
38%
Río Negro Alberto Weretilneck
35%
San Luis Claudio Poggi
32%
Santa Cruz Claudio Vidal
32%
Tierra del Fuego Gustavo Melella
32%
Misiones Hugo Passalacqua
32%
Jujuy Carlos Sadir
22%
La Pampa Sergio Ziliotto
22%
San Juan Marcelo Orrego
19%
Neuquén Rolando Figueroa
16%
No se encontraron pruebas coincidentes
Distribución de puntuación
Porcentaje de gente con cada puntuación
Porcentaje por número respondido
Historial de tus puntuaciones
No has intentado esta prueba.